Normal view
MARC view
Entry Personal Name
001 - CONTROL NUMBER
- control field: 52779
003 - CONTROL NUMBER IDENTIFIER
- control field: ARRUPE
005 - DATE AND TIME OF LATEST TRANSACTION
- control field: 20240510110425.0
008 - FIXED-LENGTH DATA ELEMENTS
- fixed length control field: 240510|| aca||aabn | a|a d
040 ## - CATALOGING SOURCE
- Original cataloging agency: ARRUPE
- Transcribing agency: ARRUPE
100 ## - HEADING--PERSONAL NAME
- Personal name: Chestnut, Val
670 ## - SOURCE DATA FOUND
- Source citation: Work cat.: (ARRUPE)131917: Chestnut, Val, The balancing act of stress management , 2023